Responses for Show #4484 - Thursday, February 19, 2004

2004 Teen Tournament final game 1.

Contestants

[<< previous game]

Chris Holden, a senior from Carlisle, Pennsylvania

Jennifer Wu, a sophomore from Arkadelphia, Arkansas

Courtney Bennis, a senior from Virginia Beach, Virginia

[next game >>]

Jeopardy! Round responses

U.S. GOVERNMENT
MOM SAYS...
MUSIC CLASS
3 LETTERS LONG
A TRIP TO THE MOON
ARE YOU GAME?
    $200 4
the House of Representatives

Jennifer
    $200 21
The Beatles

Jennifer
    $200 2
(Chris: What is rap?)
(Courtney: What is pop?)
...
(Alex: It's a 3-word name, not a 3-letter name; [*].)

rock and roll

CourtneyChris
Triple Stumper
    $200 1
SOS

Jennifer
    $200 26
cheese

Jennifer
    $200 9
hopscotch

Chris
    $400 14
arrows

Jennifer
    $400 22
South Dakota

Chris
    $400 3
a harp

Chris
    $400 5
AKA (also known as)

Chris
    $400 27
gravity

Jennifer
    $400 10
Water Works (or Electric Company)

Chris
    $600 16
January

Chris
    $600 25
curfew

Courtney
    $600 6
(Ludwig Van) Beethoven

Chris
    $600 15
a USB port

Chris
    $600 28
(Jennifer: What are mare?)

seas

Jennifer
Triple Stumper
    $600 11
Twister

Courtney
    $800 17
an appeals court

Courtney
    $800 23
belly button

Chris
    $800 7
a polka

Chris
    $800 18
(Courtney: What is D.S.T.?)
(Jennifer: What are E.S.T.?)
...
(Alex: What are [*]?, Eastern Daylight Time.)
[Prior to the Double Jeopardy! Round, Alex credits Courtney with a correct response and gives Jennifer back the $800.]

E.D.T.

Courtney
    $800 29
(Alex: Yes, [*]; no atmosphere, lots of [*].)

craters

Chris
    $800 12
Dungeons & Dragons

Chris
    $1000 20
(Chris: What is the Government Auditing Office?)

General Accounting Office

Chris
Triple Stumper
    $1000 24
(Alex: Yes, and I think we've all agreed we don't want Cheryl as our mom, because she says an awful lot!)

allowance

Chris
    $500 8
a trumpet

Chris
    $1000 19
JBL

Triple Stumper
    $1000 30
(Chris: What is an eclipse?)
(Alex: Be more specific.)

a lunar eclipse

Chris
    $1000 13
the rook

Chris

Scores at the first commercial break (after clue 15):

Courtney Jennifer Chris
$400 $800 $5,500

Scores at the end of the Jeopardy! Round:

Courtney Jennifer Chris
$2,600 $1,000 $9,100

Double Jeopardy! Round responses

STATE FLAGS
SPORTS
MOUNTAINS
BEYOND REASON
PLAY STATION
PREFIXES & SUFFIXES
    $400 1
Delaware

Chris
    $400 19
the (Florida) Marlins

Courtney
    $400 2
Italy

Courtney
    $400 3
Tokyo

Jennifer
    $400 9
Hamlet

Jennifer
    $400 13
the heart

Chris
    $800 4
Idaho

Chris
    $800 20
eBay

Chris
    $800 18
Iceland

Courtney
    $800 5
the Red Sox

Chris
    $800 14
Annie

Chris
    $800 23
1,000

Courtney
    $1200 10
(Chris: What is California?)
(Courtney: What is Oregon?)
...
(Alex: Correct response--"What is [*]?" The bear is on California's flag.)

Wisconsin

CourtneyChris
Triple Stumper
    $1200 25
(Alex: With less than a minute now.)

Tiger Woods

Jennifer
    $2,000 21
the Sinai Peninsula

Chris
    $1200 6
a UFO

Chris
    $1200 15
The Odd Couple

Chris
    $1200 24
half

Chris
    $1600 11
Washington

Triple Stumper
    $1600 29
soccer

Courtney
    $1600 22
the Cascades

Jennifer
    $2,000 7
(Chris: What is a prophecy?)

a premonition

Chris
    $1600 16
The Miracle Worker

Chris
    $1600 26
oxygen

Triple Stumper
    $2000 12
(Jennifer: What is Florida?)

Michigan

Jennifer
Triple Stumper
    $2000 30
(Alex: Courtney, you're in the red; means you cannot play Final Jeopardy! today, but because this is a two-day total point affair, and we add today's score to tomorrow's; with one exception: we do not penalize players who finish in the red. So your -$600 goes to $0, so you will have to build in tomorrow's game, all right?)

the New York Liberty

Triple Stumper
    $2000 28
(Courtney: What is the Caucus?)
(Alex: Yes... no!)
...
(Alex: That's right, the mountain range has three syllables, [*].)

the Caucasus

CourtneyJennifer
    $2000 8
(Courtney: What is the North Star?)
(Jennifer: What is Alpha Centauri?)
...
(Alex: "What is [*]?" The Dog Star.)

Sirius

CourtneyJennifer
Triple Stumper
    $2000 17
Oedipus

Chris
    $2000 27
(Courtney: What is red?)

blue

CourtneyJennifer

Scores at the end of the Double Jeopardy! Round:

Courtney Jennifer Chris
-$600 $4,600 $19,100

Final Jeopardy! Round responses

THE UNITED NATIONS
(Alex: [To Jennifer] You're absolutely right, [*].)
[Jennifer smiles and pumps her fist.]
JenniferWhat is Chinese?
$500
ChrisWhat is Chinese?
$4,200
Mandarin Chinese

Final scores:

Courtney Jennifer Chris
-$600 $5,100 $23,300

Game dynamics:

Coryat scores:

Courtney Jennifer Chris
-$600 $4,600 $20,800
9 R,
5 W
12 R,
3 W
28 R
(including 2 DDs),
4 W
(including 1 DD)

Combined Coryat: $24,800

[game clues] [game scores] [suggest correction]

Game tape date: 2003-12-16
The J! Archive is created by fans, for fans. Scraping, republication, monetization, and malicious use prohibited; this site may use cookies and collect identifying information. See terms. The Jeopardy! game show and all elements thereof, including but not limited to copyright and trademark thereto, are the property of Jeopardy Productions, Inc. and are protected under law. This website is not affiliated with, sponsored by, or operated by Jeopardy Productions, Inc. Join the discussion at JBoard.tv.